| 000 | 01119nam a2200289 c 4500 | ||
|---|---|---|---|
| 999 |
_c186598 _d186598 |
||
| 003 | BLK | ||
| 005 | 20230410163509.0 | ||
| 008 | 180411b bul|||||r ||||||| ||bul|| | ||
| 010 | _aKNG00195593000 | ||
| 040 | _aBLK | ||
| 041 |
_aBUL _cBUL |
||
| 080 |
_aБългарска литература _b821.163.2 _x-4 _z821.163.2-4 |
||
| 100 | 1 |
_aОгнянова, Елена Борисова _eпърви автор _9363916 |
|
| 139 |
_aОгнянова, Елена Борисова _bО 37 |
||
| 245 | 1 | 0 |
_aНие, шопето... _bДокум. очерк _cЕлена Борисова Огнянова. |
| 257 | _aBGR | ||
| 260 |
_aСофия _bБЗНС _c1985 |
||
| 300 |
_a283 с. _c20 см |
||
| 380 | _aX | ||
| 500 | _aКн. е продължение на Не сме от сега от същата авт. - 31 250 тир. | ||
| 650 | 4 |
_aКолективизация на селското стопанство - България - история _9254266 |
|
| 852 | _aЦб 135778 | ||
| 856 | 4 |
_qpdf _i0.00 _ldisable |
|
| 856 | 4 |
_qpdf _i0.00 _ldisable |
|
| 942 |
_cKNG _n0 _s1 |
||
| 944 |
_aCR _c09.11.2016 _kКети_Илиева |
||
| 944 |
_aED _c09.11.2016 _kКети_Илиева |
||
| 999 | _d186598 | ||